NorthStar: focus on listening and speaking, advanced
Gorde:
| Egile nagusia: | |
|---|---|
| Formatua: | Liburua |
| Hizkuntza: | ingelesa |
| Argitaratua: |
Nueva York
Longman
1998
|
| Gaiak: | |
| Etiketak: |
Etiketa erantsi
Etiketarik gabe, Izan zaitez lehena erregistro honi etiketa jartzen!
|
MARC
| LEADER | 00000nam a2200000 a 4500 | ||
|---|---|---|---|
| 001 | UCN9236 | ||
| 003 | CL-VaPUC | ||
| 008 | 011130e19980000US |||||||||||||||||eng|d | ||
| 082 | 0 | 4 | |a 428.34 |b PRE |2 21 |
| 100 | 0 | |a Preiss, Sherry |e author |9 465766 | |
| 245 | 1 | 0 | |a NorthStar: focus on listening and speaking, advanced |
| 300 | |a 280 p | ||
| 942 | |c BK | ||
| 945 | |d 20011130 00:00:00 |a cmena | ||
| 260 | |a Nueva York |b Longman |c 1998 | ||
| 500 | |a Complementario con texto: Focus on reading and writing y con 2 cassettes | ||
| 650 | 0 | |a Lengua inglesa |9 318842 | |
| 650 | 0 | |a Educación lingüística |9 306506 | |
| 650 | 0 | |a Métodos de enseñanza |9 270413 | |
| 650 | 0 | |a Idiomas extranjeros |9 421732 | |
| 650 | 0 | |a Adquisición del lenguaje |9 309032 | |
| 650 | 0 | |a Libros de texto |9 270019 | |
| 650 | 0 | |a Comprensión de lectura |9 307588 | |
| 650 | 0 | |a Lenguaje hablado |9 339599 | |
| 583 | |a last modification |c 20011130 00:00:00 |k Rodrigo Vera | ||
| 999 | |c 298752 |d 298750 | ||
| 952 | |0 0 |1 0 |4 0 |6 428_340000000000000_PRE_1998 |7 0 |8 A |9 354662 |a BIBEDU |b BIBEDU |d 2019-11-21 |i 3779629 |o 428.34 PRE 1998 |p 3779629 |r 2019-11-21 |w 2019-11-21 |y BK |k LIT | ||